| 000 | 01151nam a2200241Ia 4500 | ||
|---|---|---|---|
| 999 |
_c53283 _d53283 |
||
| 001 | 20324 | ||
| 003 | GE_BSU | ||
| 005 | 20200910190142.0 | ||
| 008 | 181216s1960||||ge |||||||||||||| ||geo|| | ||
| 040 | _cGE_BSU | ||
| 041 | _ageo | ||
| 080 | _a811.353.1(072) + 37.016 ჯ-48 | ||
| 100 |
_aჯინჯიხაძე, მ. _99515 |
||
| 245 |
_aწერითი მეტყველების განვითარება : _bდამხმ. მეთოდ. სახელმძღვ. დაწყ. კლასების მასწავლებელთათვის / _cმ. ჯინჯიხაძე ; რედ. შ. ღლონტი. |
||
| 264 |
_aსოხუმი : _bაფხაზეთის სახელგამი, _c1960. |
||
| 300 |
_a183 გვ. ; _c23 სმ |
||
| 504 | _aბიბლიოგრ. : გვ. 178-179 | ||
| 541 | _h90თ. | ||
| 653 | _aწერითი მეტყველება | ||
| 653 | _aქართული ენის სწავლების მეთოდიკა | ||
| 700 |
_aღლონტი, შ. _eრედაქტორი _99516 |
||
| 942 |
_cBK _2udc |
||